Normal view
MARC view
- Algebras, Linear. -Numerical analysis
Entry Topical Term
001 - CONTROL NUMBER
- control field: 2209
003 - CONTROL NUMBER IDENTIFIER
- control field: JO-AjAnu
005 - DATE AND TIME OF LATEST TRANSACTION
- control field: 20230606070651.0
008 - FIXED-LENGTH DATA ELEMENTS
- fixed length control field: 230606|| aca||aabn | a|a d
040 ## - CATALOGING SOURCE
- Original cataloging agency: JO-AjAnu
- Transcribing agency: JO-AjAnu
150 ## - HEADING--TOPICAL TERM
- Topical term or geographic name entry element: Algebras, Linear. -Numerical analysis
670 ## - SOURCE DATA FOUND
- Source citation: Work cat.: (JO-AjAnu)1157: Martin,John, author 2208, Introduction to Languges and the Theory Compution